Groupes de rock par leur(s) guitariste(s) de guitare solo - Statistiques

Statistiques générales
  • Ce quiz a été pris 154 fois
  • Le résultat moyen est 10 sur 34
Statistiques - réponses
Guitaristes Pays Groupes % Correct
Brian May Royaume-Uni Queen
87%
Angus Young Australie ACDC
84%
George Harrison Royaume-Uni Les Beatles
83%
Slash États-Unis Guns N' Roses
82%
Mark Knopfler Royaume-Uni Dire Straits
80%
Syd Barrett / David Gilmour Royaume-Uni Pink Floyd
80%
Jimmy Page Royaume-Uni Les Yardbirds / Led Zeppelin
75%
Brian Jones / Mick Taylor / Ron Woods Royaume-Uni Les Rolling Stones
57%
Ritchie Blackmore Royaume-Uni Deep Purple
50%
Billy Gibbons États-Unis ZZ Top
46%
Bernie Leadon / Don Felder / Joe Walsh États-Unis Les Eagles
38%
John Fogerty États-Unis Creedence Clearwater Revival
28%
Peter Green / Jeremy Spencer / Lindsey Buckingham Royaume-Uni Fleetwood Mac
26%
Carl Wilson États-Unis Les Beach Boys
24%
Duane Allman États-Unis Allman Brothers Band
23%
Roger Hodgson Royaume-Uni Supertramp
20%
Anthony Philips / Steve Hackett Royaume-Uni Genesis
18%
Gary Rossington / Allen Collins États-Unis Lynyrd Skynyrd
17%
Stephen Stills États-Unis Buffalo Springfield / Crosby Stills Nash & Young / Manassas
14%
Robert Fripp Royaume-Uni King Crimson
14%
Hank Marvin Royaume-Uni Les Shadows
12%
Steve Howe Royaume-Uni Yes
12%
Jeff Lynne / Roy Woods Royaume-Uni Electric Light Orchestra
10%
Roger McGuinn / Clarence White États-Unis Les Byrds
9%
Robbie Robertson Canada The Band
8%
Hilton Valentine Royaume-Uni Les Animals
7%
Eric Bell / Scott Gorham / Brian Robertson Irlande Thin Lizzy
7%
Randy Bachman / Blair Thornton Canada Bachman Turner Overdrive
5%
Martin Barre Royaume-Uni Jethro Tull
4%
Harvey Mandel États-Unis Canned Heat
3%
George Kooymans Pays-Bas Golden Earring
3%
Randy Bachman / Kurt Winter Canada Les Guess Who
3%
Bob Bogle / Nokie Edwards États-Unis Les Ventures
1%
Robbie van Leeuwen Pays-Bas The Motion / Shocking Blue
1%
Aucun quiz correspondant
Distribution des résultats
% des personnes avec chaque résultat
Percentile par nombre de réponses
Votre historique - résultats
Vous n’avez pas pris ce quiz